[Event "?"]
[Site "?"]
[Date "2019.01.04"]
[Round "2.13"]
[White "Barnowski, Roman"]
[Black "Münzenberg, Dietrich"]
[Result "0-1"]
[WhiteElo "1382"]
[BlackElo "1687"]
[PlyCount "120"]
[EventDate "2019.??.??"]
[WhiteTeam "SW Nürnberg Süd"]
[BlackTeam "Zabo-Eintracht Nürnberg"]

1. Nf3 d5 2. c4 Nf6 3. e3 Bg4 4. Be2 e6 5. cxd5 exd5 6. O-O Bd6 7. Nd4 Bxe2 8.
Nxe2 O-O 9. Nbc3 a6 10. f4 Nbd7 11. d4 Re8 12. Ng3 c6 13. a3 Rc8 14. Bd2 b5 15.
b4 Nb6 16. h3 Nc4 17. Rf3 a5 18. Nf1 axb4 19. axb4 Bxb4 20. Rb1 Bf8 21. g4 Ra8
22. Ra1 Qb6 23. Ng3 Bb4 24. Nf1 g6 25. Rc1 Ra3 26. Nb1 Nxd2 27. Nbxd2 Bxd2 28.
Qxd2 c5 29. Rxc5 Ne4 30. Qc1 Nxc5 31. Qxa3 Ne4 32. Qb4 Rc8 33. Ng3 Rc1+ 34. Rf1
Rc4 35. Qe1 Nc3 36. g5 b4 37. Ne2 Qe6 38. Nxc3 Rxc3 39. Rf3 Qe4 40. Kg2 Rc2+
41. Kg3 b3 42. Qa5 b2 43. Qd8+ Kg7 44. Qf6+ Kf8 45. Qh8+ Ke7 46. Qf6+ Ke8 47.
Qh8+ Kd7 48. Qb8 b1=Q 49. Qxb1 Rg2+ 50. Kxg2 Qxb1 51. Rf1 Qd3 52. Kf2 Ke6 53.
Re1 Kf5 54. Kf3 f6 55. h4 fxg5 56. hxg5 Qe4+ 57. Kg3 Qc2 58. Kf3 Qh2 59. Rf1
Qh5+ 60. Kg3 Ke4 0-1

[Event "?"]
[Site "?"]
[Date "2019.01.04"]
[Round "2.14"]
[White "Ott, Hans"]
[Black "Lingl, Peter"]
[Result "1-0"]
[WhiteElo "1553"]
[BlackElo "1563"]
[PlyCount "78"]
[EventDate "2019.??.??"]
[WhiteTeam "Zabo-Eintracht Nürnberg"]
[BlackTeam "SC JÄKLECHEMIE"]

1. e4 e5 2. Nf3 Nc6 3. Bb5 Nf6 4. O-O Bc5 5. Re1 d6 6. h3 O-O 7. c3 Ne7 8. b4
Bb6 9. d4 Ng6 10. Nbd2 a6 11. Ba4 c6 12. Nc4 Bc7 13. Bc2 Be6 14. Ne3 Qd7 15.
Ng5 h6 16. Nxe6 Qxe6 17. d5 Qd7 18. Nf5 Nf4 19. Bxf4 exf4 20. Qf3 Rae8 21. Qxf4
Re5 22. Nxh6+ gxh6 23. Qxf6 Kh7 24. Qf3 Rg8 25. Qd3 Kh8 26. f4 Rh5 27. e5 Rg7
28. e6 Qe7 29. exf7 Qxf7 30. Re2 Rxd5 31. Qe4 h5 32. Rae1 Bb6+ 33. Kh1 a5 34.
Qe8+ Qxe8 35. Rxe8+ Rg8 36. Bg6 Rb5 37. g3 Bf2 38. Rxg8+ Kxg8 39. Re8+ Kg7 1-0

[Event "?"]
[Site "?"]
[Date "2019.01.04"]
[Round "2.15"]
[White "Ott, Juan Luis"]
[Black "Nüßlein, Christian"]
[Result "0-1"]
[WhiteElo "1304"]
[BlackElo "1892"]
[PlyCount "128"]
[EventDate "2019.??.??"]
[WhiteTeam "Zabo-Eintracht Nürnberg"]
[BlackTeam "SGem Nürnberg"]

1. d4 e6 2. e4 c5 3. Nf3 cxd4 4. Nxd4 Nc6 5. Nxc6 bxc6 6. Bd2 Nf6 7. Bd3 Qb6 8.
b3 d5 9. exd5 exd5 10. O-O Be7 11. Be3 Qc7 12. Re1 Ng4 13. g3 Nxe3 14. Rxe3 Be6
15. Qh5 g6 16. Qf3 Qd7 17. Nd2 O-O-O 18. Ba6+ Kb8 19. Qf4+ Bd6 20. Qa4 Qc7 21.
Rb1 Bd7 22. Qd4 Qa5 23. Bf1 Ka8 24. c4 Bc5 25. Qc3 Qxc3 26. Rxc3 Bb4 27. Rbc1
Bf5 28. cxd5 Bxc3 29. Rxc3 cxd5 30. Rc7 Rd7 31. Rc5 Rhd8 32. Bg2 Be6 33. a3 Kb8
34. Rb5+ Rb7 35. Rc5 Rc8 36. Ra5 Rc1+ 37. Bf1 Bh3 38. Rxd5 Bxf1 39. Nxf1 Rxb3
40. Kg2 Rxa3 41. Ne3 a5 42. Rb5+ Kc7 43. Rb2 a4 44. Nd5+ Kd6 45. Rd2 Kc5 46. h4
Raa1 47. Ne3 a3 48. Rd5+ Kc6 49. Ra5 Rc5 50. Ra6+ Kb7 51. Ra4 Kb6 52. Nc4+ Kb5
53. Rxa3 Rxa3 54. Nxa3+ Kb4 55. Nb1 Rc2 56. Kf3 Rb2 57. g4 Rxb1 58. Kf4 f6 59.
h5 gxh5 60. gxh5 Rh1 61. Kf5 Rxh5+ 62. Kxf6 Kc5 63. f4 Kd5 64. f5 Ke4 0-1

[Event "?"]
[Site "?"]
[Date "2019.01.04"]
[Round "2.16"]
[White "Bogendörfer, Ralf"]
[Black "Merdian, Nick"]
[Result "1/2-1/2"]
[WhiteElo "1543"]
[BlackElo "1640"]
[PlyCount "129"]
[EventDate "2019.??.??"]
[WhiteTeam "SC JÄKLECHEMIE"]
[BlackTeam "SC Postbauer-Heng"]

1. d4 Nf6 2. Nf3 g6 3. c4 Bg7 4. Nc3 d5 5. e3 O-O 6. b4 a6 7. Qb3 c6 8. Ne5 e6
9. Bd3 Nbd7 10. Nxd7 Bxd7 11. O-O Qc7 12. f4 b5 13. cxb5 axb5 14. a4 bxa4 15.
Rxa4 Rxa4 16. Nxa4 Rb8 17. Bd2 Qa7 18. Nc5 Ra8 19. Nxd7 Nxd7 20. Rc1 Qb6 21.
Qc2 Rc8 22. b5 c5 23. dxc5 Rxc5 24. Qa4 Rxc1+ 25. Bxc1 Qc5 26. Qa8+ Bf8 27. Qc6
Qa7 28. Kf2 Qa2+ 29. Qc2 Qa7 30. Bb2 Bg7 31. Qc8+ Nf8 32. Bxg7 Kxg7 33. Qa6 Qb8
34. b6 Nd7 35. Qa7 Qc8 36. Qc7 Qe8 37. Bb5 Qe7 38. Qxd7 Qh4+ 39. Ke2 Qg4+ 40.
Kf2 Qh4+ 41. Ke2 Qg4+ 42. Kf2 Qh4+ 43. Kg1 Qe1+ 44. Bf1 Qxe3+ 45. Kh1 Qxb6 46.
Qb5 Qf2 47. g3 Qf3+ 48. Bg2 Qd1+ 49. Qf1 Qd4 50. h3 Qc3 51. Kh2 d4 52. Qe2 d3
53. Qe5+ Qxe5 54. fxe5 f6 55. exf6+ Kxf6 56. Bf3 Kf5 57. Kg2 e5 58. Kf2 e4 59.
Bg4+ Ke5 60. Ke3 h5 61. Bc8 g5 62. g4 h4 63. Bf5 d2 64. Kxd2 Kf4 65. Ke2
1/2-1/2

[Event "?"]
[Site "?"]
[Date "2019.01.04"]
[Round "2.17"]
[White "Steindl, Horst"]
[Black "Klinger, Klaus"]
[Result "0-1"]
[WhiteElo "1269"]
[BlackElo "1696"]
[PlyCount "28"]
[EventDate "2019.??.??"]
[WhiteTeam "SW Nürnberg Süd"]
[BlackTeam "Zabo-Eintracht Nürnberg"]

1. d4 Nf6 2. Bf4 d5 3. Nf3 Bf5 4. e3 c6 5. Be2 Nbd7 6. Ne5 Nxe5 7. Bxe5 Nd7 8.
O-O Nxe5 9. dxe5 e6 10. f4 Qb6 11. Qd4 Bc5 12. Qc3 Bxe3+ 13. Kh1 Bd4 14. Qb3
Bxb2 0-1

[Event "?"]
[Site "?"]
[Date "2019.01.04"]
[Round "2.18"]
[White "Mankus, Siegfried"]
[Black "Schaller, Michael"]
[Result "1/2-1/2"]
[WhiteElo "1511"]
[BlackElo "1274"]
[PlyCount "124"]
[EventDate "2019.??.??"]
[WhiteTeam "Zabo-Eintracht Nürnberg"]
[BlackTeam "SW Nürnberg Süd"]

1. d4 d5 2. c4 e6 3. Nc3 Nf6 4. cxd5 exd5 5. Bg5 Be7 6. Qc2 Nc6 7. e3 Nb4 8.
Qd2 Bf5 9. Rc1 h6 10. Bxf6 Bxf6 11. a3 Nc6 12. Bb5 Qd6 13. Nge2 a6 14. Bd3 Bxd3
15. Qxd3 g5 16. b4 b5 17. O-O h5 18. Rcd1 h4 19. e4 dxe4 20. Nxe4 Qe7 21. Nxf6+
Qxf6 22. Qe4+ Qe6 23. Qxe6+ fxe6 24. Rc1 Kd7 25. Rc5 a5 26. Rfc1 Ra6 27. bxa5
g4 28. d5 exd5 29. Rxd5+ Kc8 30. Rxb5 Re8 31. Kf1 Nxa5 32. Rcb1 Ra8 33. R5b4
Rg8 34. Nd4 c5 35. Rc1 Nb7 36. Rxb7 Kxb7 37. Rxc5 Rxa3 38. Rb5+ Ka6 39. Rb1 Ra4
40. Nf5 Rh8 41. Ne3 Rf8 42. Nc2 g3 43. hxg3 hxg3 44. f3 Rh8 45. Ke2 Re8+ 46.
Kf1 Rh4 47. Kg1 Reh8 48. Ra1+ Kb7 49. Kf1 Rh1+ 50. Ke2 Re8+ 51. Kd3 Rh6 52. Ra4
Rd6+ 53. Rd4 Rxd4+ 54. Kxd4 Re2 55. Ne3 Kc7 56. Ke4 Kd7 57. f4 Ke6 58. Kf3 Re1
59. Ng4 Kf5 60. Kxg3 Re4 61. Nh6+ Kg6 62. Ng4 Kf5 1/2-1/2

[Event "?"]
[Site "?"]
[Date "2019.01.04"]
[Round "3.1"]
[White "Wagner, Alexander"]
[Black "Saathoff, Richard"]
[Result "1/2-1/2"]
[WhiteElo "1884"]
[BlackElo "2135"]
[PlyCount "46"]
[EventDate "2019.??.??"]
[WhiteTeam "SW Nürnberg Süd"]
[BlackTeam "SW Nürnberg Süd"]

1. e4 e5 2. Nf3 Nc6 3. Nc3 Nf6 4. Bb5 Bc5 5. d3 d6 6. Na4 Bb6 7. Nxb6 axb6 8.
h3 O-O 9. Bg5 Qe7 10. O-O Nd8 11. c3 Ne6 12. Be3 Kh8 13. Kh2 Ng8 14. d4 exd4
15. cxd4 Nf6 16. Nd2 d5 17. e5 Nd7 18. f4 f5 19. Qh5 c5 20. Nf3 g6 21. Qh6 Rf7
22. Nh4 Ndf8 23. Nf3 Kg8 1/2-1/2

[Event "?"]
[Site "?"]
[Date "2019.01.04"]
[Round "3.2"]
[White "Petrashov, Alexander"]
[Black "Albayrak, Aylin"]
[Result "1-0"]
[WhiteElo "1979"]
[BlackElo "1686"]
[PlyCount "93"]
[EventDate "2019.??.??"]
[WhiteTeam "SC Noris-Tarrasch Nürnberg"]
[BlackTeam "Zabo-Eintracht Nürnberg"]

1. d4 d5 2. c4 Nf6 3. Nf3 e6 4. Nc3 Bb4 5. Qb3 c5 6. e3 Nc6 7. a3 Bxc3+ 8. bxc3
Na5 9. Qa2 Ne4 10. Bd2 b6 11. cxd5 exd5 12. Bb5+ Kf8 13. dxc5 a6 14. Be2 bxc5
15. c4 Nxd2 16. Nxd2 d4 17. exd4 Qxd4 18. O-O Bb7 19. Nb3 Nxb3 20. Qxb3 Be4 21.
Qg3 Qf6 22. Rad1 h5 23. f3 Bf5 24. Qc7 Rc8 25. Qg3 h4 26. Qd6+ Qe7 27. Qxa6
Qxe2 28. Rfe1 Rh6 29. Qxc8+ Bxc8 30. Rxe2 Be6 31. Re5 Ke7 32. Rxc5 Rg6 33. Kf2
Rf6 34. a4 Rf4 35. g3 hxg3+ 36. hxg3 Rxc4 37. Rxc4 Bxc4 38. a5 Ba6 39. Rb1 Kd8
40. Ke3 Kc7 41. Kd4 Be2 42. f4 f6 43. Kc5 Bd3 44. Re1 Kb7 45. Re7+ Ka6 46. Rxg7
Kxa5 47. Ra7+ 1-0

[Event "?"]
[Site "?"]
[Date "2019.01.04"]
[Round "3.3"]
[White "Majid, Hakim"]
[Black "Erlbeck, Peter"]
[Result "0-1"]
[WhiteElo "1472"]
[BlackElo "2061"]
[PlyCount "72"]
[EventDate "2019.??.??"]
[WhiteTeam "SW Nürnberg Süd"]
[BlackTeam "SW Nürnberg Süd"]

1. e4 c5 2. Nf3 Nc6 3. Bc4 e6 4. O-O g6 5. d4 cxd4 6. Nxd4 Bg7 7. Nb5 Be5 8.
Nd6+ Ke7 9. Nxc8+ Rxc8 10. f4 Qb6+ 11. Kh1 Bxb2 12. Bxb2 Qxb2 13. Nd2 Nd4 14.
Rc1 Qc3 15. Bd3 f5 16. exf5 gxf5 17. Nb1 Qc5 18. Qh5 Nf6 19. Qh6 Rhg8 20. Rfe1
Rg6 21. Qh3 Ng4 22. Rf1 Rh6 23. Qg3 Rxh2+ 24. Qxh2 Nxh2 25. Kxh2 Rg8 26. c3 Nc6
27. Nd2 Qe3 28. Nf3 Qxf4+ 29. Kh1 Qh6+ 30. Nh2 Rg4 31. Rce1 Rh4 32. Bxf5 Rxh2+
33. Kg1 Rh1+ 34. Kf2 Rxf1+ 35. Rxf1 exf5 36. Re1+ Kf6 0-1

[Event "?"]
[Site "?"]
[Date "2019.01.04"]
[Round "3.4"]
[White "Süß, Helmut"]
[Black "Birkner, Mattias"]
[Result "1/2-1/2"]
[WhiteElo "1871"]
[BlackElo "1890"]
[PlyCount "23"]
[EventDate "2019.??.??"]
[WhiteTeam "SC Noris-Tarrasch Nürnberg"]
[BlackTeam "SK Neumarkt"]

1. d4 d5 2. c4 dxc4 3. e3 e5 4. Bxc4 exd4 5. exd4 Nf6 6. Nf3 Be7 7. O-O O-O 8.
Nc3 Nc6 9. d5 Na5 10. Be2 a6 11. Bg5 b5 12. a3 1/2-1/2

[Event "?"]
[Site "?"]
[Date "2019.01.04"]
[Round "3.6"]
[White "Hahn, Thomas"]
[Black "Dyroff, Roland"]
[Result "1-0"]
[WhiteElo "1821"]
[BlackElo "1694"]
[PlyCount "53"]
[EventDate "2019.??.??"]
[WhiteTeam "Zabo-Eintracht Nürnberg"]
[BlackTeam "SW Nürnberg Süd"]

1. e4 c5 2. Nf3 e6 3. d4 cxd4 4. Nxd4 a6 5. Be3 Nf6 6. f3 Qc7 7. Qe2 d5 8. exd5
Nxd5 9. Bd2 Bd6 10. Nc3 Nf4 11. Qe4 Ng6 12. Nf5 Be5 13. Ne3 Bd7 14. g3 Bc6 15.
Qg4 h5 16. Qc4 Bxg3+ 17. hxg3 Qxg3+ 18. Kd1 Bxf3+ 19. Ne2 b5 20. Qc8+ Ke7 21.
Bb4+ Kf6 22. Qc3+ Qe5 23. Rh3 Rd8+ 24. Ke1 Bg4 25. Nxg4+ hxg4 26. Rg3 Kg5 27.
Be7+ 1-0

[Event "?"]
[Site "?"]
[Date "2019.01.04"]
[Round "3.7"]
[White "Dreiseitel, Werner"]
[Black "Kocak, Ediz"]
[Result "0-1"]
[WhiteElo "1563"]
[BlackElo "1817"]
[PlyCount "92"]
[EventDate "2019.??.??"]
[WhiteTeam "SW Nürnberg Süd"]
[BlackTeam "SW Nürnberg Süd"]

1. d4 Nf6 2. c4 c5 3. d5 b5 4. cxb5 a6 5. Nc3 axb5 6. Nxb5 g6 7. Nf3 Ba6 8. Nc3
d6 9. Bd2 Nbd7 10. Qc2 Bg7 11. e4 Bxf1 12. Kxf1 O-O 13. g3 Qa5 14. Kg2 Rfb8 15.
Rab1 Ng4 16. Rhc1 Qa6 17. h3 Nge5 18. Nxe5 Nxe5 19. b3 Nd3 20. Rd1 Nb4 21. Qc1
Nxa2 22. Nxa2 Qxa2 23. b4 Rc8 24. b5 Ra4 25. Re1 Rc4 26. Qd1 Rc2 27. Be3 Bc3
28. Rc1 Rxc1 29. Qxc1 Bxe1 30. Qxe1 Qc4 31. Qb1 Rb8 32. b6 Qa6 33. e5 Qxb6 34.
Qe4 Qb4 35. Qc2 Qb2 36. Qa4 Qxe5 37. Qc6 Qe4+ 38. Kh2 Rb1 39. g4 Qe5+ 40. Kg2
Qe4+ 41. Kh2 g5 42. Bxg5 Qe5+ 43. f4 Rb2+ 44. Kg3 Qe1+ 45. Kf3 Rf2+ 46. Kg3
Rf1+ 0-1

[Event "?"]
[Site "?"]
[Date "2019.01.04"]
[Round "3.8"]
[White "Wettermann, Bernd"]
[Black "Ott, Hans"]
[Result "1-0"]
[WhiteElo "1752"]
[BlackElo "1553"]
[PlyCount "119"]
[EventDate "2019.??.??"]
[WhiteTeam "Zabo-Eintracht Nürnberg"]
[BlackTeam "Zabo-Eintracht Nürnberg"]

1. e4 c5 2. g3 Nc6 3. Bg2 e5 4. Nc3 d6 5. Nge2 Nd4 6. O-O Nf6 7. d3 Be7 8. a3
O-O 9. Be3 Be6 10. Nd5 Nxd5 11. exd5 Bf5 12. c3 Nxe2+ 13. Qxe2 Qd7 14. Rad1
Rac8 15. f4 Bf6 16. Rf2 exf4 17. Bxf4 Rfe8 18. Qd2 Re7 19. Bxd6 Qxd6 20. Rxf5
Rce8 21. Be4 g6 22. Rf2 Kg7 23. Rdf1 Be5 24. d4 cxd4 25. cxd4 Bxg3 26. hxg3
Qxg3+ 27. Bg2 f5 28. Qf4 Qb3 29. Rc1 Qb6 30. Rfc2 Qf6 31. Rc7 g5 32. Qe5 Kg6
33. Qxf6+ Kxf6 34. d6 Re1+ 35. Rxe1 Rxe1+ 36. Kf2 Rd1 37. d5 Rd2+ 38. Kg1 Rxb2
39. Rxh7 Rb6 40. Rh6+ Kf7 41. d7 Ke7 42. Rxb6 axb6 43. Kf2 Kxd7 44. Ke3 Kd6 45.
Kd4 g4 46. a4 f4 47. Ke4 f3 48. Bf1 f2 49. Kf4 Kxd5 50. Kg3 Kd4 51. Kxg4 Ke3
52. Kg3 Kd4 53. Kxf2 Kc5 54. Ke3 Kb4 55. Bb5 Kc5 56. Ke4 Kd6 57. Kd4 Kc7 58.
Bd3 Kd6 59. Kc4 Kc7 60. Kb5 1-0

[Event "?"]
[Site "?"]
[Date "2019.01.04"]
[Round "3.10"]
[White "Walch, Roger"]
[Black "Walisch, Wilfried"]
[Result "1-0"]
[WhiteElo "1698"]
[BlackElo "1126"]
[PlyCount "41"]
[EventDate "2019.??.??"]
[WhiteTeam "SW Nürnberg Süd"]
[BlackTeam "SW Nürnberg Süd"]

1. e4 d6 2. Nc3 Nf6 3. f4 Nbd7 4. Nf3 c6 5. d4 b5 6. Bd3 g6 7. e5 dxe5 8. fxe5
Nd5 9. Nxd5 cxd5 10. O-O a6 11. Ng5 f6 12. Qf3 Bb7 13. e6 Nb6 14. c3 Bg7 15.
Nf7 Qc7 16. Qh3 O-O 17. Bh6 f5 18. Rae1 Nc4 19. Bxg7 Kxg7 20. Qh6+ Kg8 21. Ng5
1-0

[Event "?"]
[Site "?"]
[Date "2019.01.04"]
[Round "3.11"]
[White "Münzenberg, Dietrich"]
[Black "Mantel, Hubert"]
[Result "1-0"]
[WhiteElo "1687"]
[BlackElo "1744"]
[PlyCount "47"]
[EventDate "2019.??.??"]
[WhiteTeam "Zabo-Eintracht Nürnberg"]
[BlackTeam "SC Noris-Tarrasch Nürnberg"]

1. d4 e6 2. c4 d5 3. Nc3 f5 4. Nh3 c6 5. cxd5 exd5 6. g3 Nf6 7. Bg2 Bd6 8. O-O
O-O 9. Bf4 Ne4 10. Rc1 Qf6 11. f3 g5 12. Nxe4 fxe4 13. Bxg5 Qg6 14. Be3 Bxh3
15. Bxh3 Bf4 16. Qd2 Qh6 17. Bxf4 Qxh3 18. fxe4 dxe4 19. Be5 Qh5 20. Rxf8+ Kxf8
21. Qf4+ Kg8 22. Qf6 Qg6 23. Qh8+ Kf7 24. Rf1+ 1-0

[Event "?"]
[Site "?"]
[Date "2019.01.04"]
[Round "3.12"]
[White "Nüßlein, Christian"]
[Black "Pörzgen, Michael"]
[Result "0-1"]
[WhiteElo "1892"]
[BlackElo "1656"]
[PlyCount "76"]
[EventDate "2019.??.??"]
[WhiteTeam "SGem Nürnberg"]
[BlackTeam "SW Nürnberg Süd"]

1. b4 e5 2. Bb2 d6 3. c4 Nf6 4. e3 g6 5. Be2 Bg7 6. d3 O-O 7. Nd2 b6 8. Bf3 c6
9. Qa4 Bb7 10. b5 Qc7 11. bxc6 Bxc6 12. Bxc6 Qxc6 13. Qxc6 Nxc6 14. Ngf3 Nd7
15. a3 Nc5 16. Ke2 Na4 17. Rab1 Nxb2 18. Rxb2 e4 19. Nd4 Nxd4+ 20. exd4 Bxd4
21. Rb3 exd3+ 22. Rxd3 Rfe8+ 23. Kf3 Bc5 24. Ne4 Re6 25. Rhd1 Rae8 26. Nxd6
Rf6+ 27. Kg4 Re2 28. f4 Rxg2+ 29. Kf3 Rf2+ 30. Kg3 R2xf4 31. Ne8 Bf2+ 32. Kg2
R6f5 33. Kh1 Bh4 34. Rd7 Re5 35. Nd6 Be7 36. Nc8 Bxa3 37. Rxa7 Bc5 38. Rb7 Re2
0-1

[Event "?"]
[Site "?"]
[Date "2019.01.04"]
[Round "3.13"]
[White "Klinger, Klaus"]
[Black "Bogendörfer, Ralf"]
[Result "1/2-1/2"]
[WhiteElo "1696"]
[BlackElo "1543"]
[PlyCount "76"]
[EventDate "2019.??.??"]
[WhiteTeam "Zabo-Eintracht Nürnberg"]
[BlackTeam "SC JÄKLECHEMIE"]

1. d4 Nf6 2. Bf4 d5 3. e3 e6 4. h3 c5 5. c3 cxd4 6. exd4 Nc6 7. Nf3 Be7 8. Nbd2
O-O 9. Bd3 Bd7 10. O-O Rc8 11. Qc2 Nb4 12. Qb1 Nxd3 13. Qxd3 Qb6 14. b3 Rfd8
15. Rfe1 Qa5 16. b4 Qb5 17. Qxb5 Bxb5 18. Rec1 Nd7 19. a4 Bd3 20. Ne5 Nxe5 21.
Bxe5 Bd6 22. Bxd6 Rxd6 23. f4 Rdc6 24. Ra3 f6 25. Kf2 Rb6 26. Ke3 Bc4 27. a5
Rbc6 28. Nxc4 Rxc4 29. Kd2 Kf7 30. Re1 R4c7 31. g4 Re7 32. Raa1 a6 33. Re3 Rc6
34. Rae1 Rec7 35. h4 h6 36. h5 Rc8 37. f5 Re8 38. R3e2 Re7 1/2-1/2

[Event "?"]
[Site "?"]
[Date "2019.01.04"]
[Round "3.14"]
[White "Merdian, Nick"]
[Black "Mankus, Siegfried"]
[Result "1-0"]
[WhiteElo "1640"]
[BlackElo "1511"]
[PlyCount "69"]
[EventDate "2019.??.??"]
[WhiteTeam "SC Postbauer-Heng"]
[BlackTeam "Zabo-Eintracht Nürnberg"]

1. d4 e6 2. c4 f5 3. Nf3 Nf6 4. e3 d5 5. Nc3 c6 6. Be2 Bd6 7. O-O O-O 8. c5 Bc7
9. Qc2 Ne4 10. a3 a5 11. Bd2 Nd7 12. h3 Qf6 13. b4 f4 14. exf4 Bxf4 15. Bxf4
Qxf4 16. Nxe4 dxe4 17. Nh2 e3 18. fxe3 Qxe3+ 19. Kh1 Rxf1+ 20. Rxf1 Nf6 21. Qd3
Qxd3 22. Bxd3 axb4 23. axb4 Ra4 24. Rb1 Nd5 25. Nf3 Nxb4 26. Be4 Nd5 27. Bxd5
exd5 28. Kh2 g6 29. Re1 Kf7 30. Kg3 Bf5 31. Kf4 h6 32. g4 Be4 33. Rf1 Bxf3 34.
Rxf3 Rxd4+ 35. Ke5+ 1-0

[Event "?"]
[Site "?"]
[Date "2019.01.04"]
[Round "3.15"]
[White "Schaller, Michael"]
[Black "Schiesser, Desider"]
[Result "1/2-1/2"]
[WhiteElo "1274"]
[BlackElo "1460"]
[PlyCount "113"]
[EventDate "2019.??.??"]
[WhiteTeam "SW Nürnberg Süd"]
[BlackTeam "SW Nürnberg Süd"]

1. e4 e5 2. Nf3 d6 3. Nc3 h6 4. d4 exd4 5. Nxd4 g6 6. Be3 c5 7. Nf3 Be6 8. Bb5+
Nd7 9. O-O g5 10. Bxd7+ Qxd7 11. Nd5 O-O-O 12. b4 Bg7 13. Rb1 b6 14. b5 f6 15.
c4 h5 16. Qa4 Kb8 17. Rb3 h4 18. Ra3 Bxd5 19. exd5 g4 20. Nd2 Re8 21. Bf4 Bf8
22. Nb3 Re4 23. Bd2 Rh7 24. Bc1 Rg7 25. Nd2 Re2 26. Re3 Re7 27. Rxe7 Qxe7 28.
Qd1 Qe5 29. f4 Qe3+ 30. Kh1 h3 31. g3 Qd3 32. Re1 Rxe1+ 33. Qxe1 Ne7 34. Qf1
Qxf1+ 35. Nxf1 Nf5 36. Ne3 Nxe3 37. Bxe3 Kb7 38. a4 f5 39. Bd2 Bg7 40. Be1 Bd4
41. Bd2 a6 42. Be1 axb5 43. axb5 Kc7 44. Bd2 Kd7 45. Be1 Ke7 46. Bd2 Kf6 47.
Be1 Be5 48. Bd2 Bb2 49. Be1 Bd4 50. Bd2 Be5 51. Be1 Ba1 52. Bd2 Kg6 53. Be1 Kf7
54. Bd2 Bd4 55. Be1 Kf6 56. Bd2 Be5 57. Be1 1/2-1/2

[Event "?"]
[Site "?"]
[Date "2019.01.04"]
[Round "3.16"]
[White "Dreiseitel, Ursula"]
[Black "Babichev, Vyacheslav"]
[Result "1/2-1/2"]
[WhiteElo "1478"]
[BlackElo "1835"]
[PlyCount "158"]
[EventDate "2019.??.??"]
[WhiteTeam "SW Nürnberg Süd"]
[BlackTeam "SW Nürnberg Süd"]

1. d4 Nf6 2. Bf4 g6 3. Nf3 Bg7 4. e3 O-O 5. Bd3 d6 6. c3 Bg4 7. h3 Bd7 8. Qc2
Nh5 9. Bh2 Bc6 10. Nbd2 Re8 11. O-O-O a5 12. g4 Nf6 13. Rhg1 b5 14. e4 b4 15.
d5 bxc3 16. bxc3 Bd7 17. Nd4 c5 18. Nb5 Na6 19. f4 Rb8 20. a4 Nc7 21. c4 Na6
22. e5 Nb4 23. Qb1 Nfxd5 24. cxd5 Nxd5 25. Rde1 dxe5 26. fxe5 Nc3 27. Qb3 Nxb5
28. Bxb5 Bxb5 29. axb5 e6 30. Ne4 c4 31. Qb1 Re7 32. Rd1 Qb6 33. Nd6 Qe3+ 34.
Kc2 Qxh3 35. Rd2 Rc7 36. Rg3 Qh4 37. Rgg2 Qg5 38. Qe1 Qe7 39. Rd4 Qd7 40. Rgd2
Bh6 41. Bf4 Bf8 42. Qb1 Qe7 43. Qa2 c3 44. R2d3 Ra8 45. Rxc3 Rxc3+ 46. Kxc3
Qc7+ 47. Rc4 Qb6 48. Rc6 Qg1 49. Qe2 Qa1+ 50. Qb2 Qa4 51. Rc4 Qd1 52. Be3 a4
53. Qc2 Qe1+ 54. Qd2 Qg3 55. b6 Qxe5+ 56. Qd4 Qxd6 57. Qxd6 Bxd6 58. Bf4 Bxf4
59. Rxf4 a3 60. b7 Rb8 61. Rb4 f5 62. gxf5 exf5 63. Kb3 f4 64. Kxa3 f3 65. Rf4
Rxb7 66. Rxf3 Kg7 67. Ka4 g5 68. Rf5 Kg6 69. Rf1 h5 70. Rd1 g4 71. Rd5 g3 72.
Rd8 g2 73. Rg8+ Rg7 74. Rd8 g1=Q 75. Rd6+ Kh7 76. Rd5 Qa7+ 77. Kb4 Qb7+ 78. Kc4
Qxd5+ 79. Kxd5 h4 1/2-1/2

[Event "?"]
[Site "?"]
[Date "2019.01.04"]
[Round "3.17"]
[White "Scheitler, Wolfgang"]
[Black "Barnowski, Roman"]
[Result "1-0"]
[WhiteElo "1542"]
[BlackElo "1382"]
[PlyCount "57"]
[EventDate "2019.??.??"]
[WhiteTeam "SW Nürnberg Süd"]
[BlackTeam "SW Nürnberg Süd"]

1. e4 c5 2. Nf3 d6 3. d4 cxd4 4. Nxd4 Nf6 5. Nc3 a6 6. Bg5 b5 7. Bxf6 exf6 8.
Be2 Bb7 9. O-O Be7 10. Nd5 Bxd5 11. exd5 g6 12. Bf3 O-O 13. Nc6 Qd7 14. Nxe7+
Qxe7 15. Re1 Qb7 16. Qd4 Nd7 17. Re7 Qa7 18. Qf4 Qc7 19. h4 f5 20. h5 Rad8 21.
hxg6 fxg6 22. Qh6 Rf7 23. Rxf7 Kxf7 24. Qxh7+ Kf6 25. Re1 Kg5 26. Qe7+ Kh6 27.
Qh4+ Kg7 28. Re7+ Kf8 29. Qh7 1-0

[Event "?"]
[Site "?"]
[Date "2019.01.04"]
[Round "3.18"]
[White "Lingl, Peter"]
[Black "Ott, Juan Luis"]
[Result "0-1"]
[WhiteElo "1563"]
[BlackElo "1304"]
[PlyCount "66"]
[EventDate "2019.??.??"]
[WhiteTeam "SC JÄKLECHEMIE"]
[BlackTeam "Zabo-Eintracht Nürnberg"]

1. e4 e5 2. Bc4 Nf6 3. d3 Nc6 4. Bf4 exf4 5. Nc3 Bb4 6. Nge2 d5 7. exd5 Nxd5 8.
O-O Nxc3 9. bxc3 Bc5 10. Nxf4 O-O 11. d4 Bd6 12. Nd5 Qg5 13. g3 Bg4 14. f3 Bh3
15. Rf2 Rfe8 16. f4 Qg4 17. Qd2 Ne7 18. Ne3 Qd7 19. Bd3 Nf5 20. Nc4 Re7 21. Qd1
Ne3 22. Nxe3 Rxe3 23. Qh5 h6 24. f5 Bxg3 25. Rf3 Re1+ 26. Rxe1 Bxe1 27. Rxh3
Bxc3 28. Kf1 Qxd4 29. Rh4 Qf6 30. Rg4 Re8 31. Qh3 Re1+ 32. Kf2 Qb6+ 33. Kf3
Re3+ 0-1

[Event "?"]
[Site "?"]
[Date "2019.01.05"]
[Round "4.1"]
[White "Erlbeck, Peter"]
[Black "Petrashov, Alexander"]
[Result "0-1"]
[WhiteElo "2061"]
[BlackElo "1979"]
[PlyCount "90"]
[EventDate "2019.??.??"]
[WhiteTeam "SW Nürnberg Süd"]
[BlackTeam "SC Noris-Tarrasch Nürnberg"]

1. e4 e6 2. d4 d5 3. e5 c5 4. c3 Nc6 5. Nf3 Qb6 6. a3 c4 7. Nbd2 Na5 8. g3 Bd7
9. h4 Rc8 10. Bh3 Nb3 11. Nxb3 Ba4 12. O-O Qxb3 13. Qxb3 Bxb3 14. Nd2 Ba4 15.
f4 g6 16. Rf2 h5 17. Nf1 Nh6 18. Be3 Be7 19. Re2 a5 20. Bf2 O-O 21. Ne3 Kg7 22.
Kh2 b5 23. Rg1 Rh8 24. g4 hxg4 25. Bxg4 Nxg4+ 26. Rxg4 b4 27. axb4 axb4 28. f5
exf5 29. Nxf5+ Kf8 30. Ne3 Bd7 31. Kg3 Bxg4 32. Kxg4 Rd8 33. Ng2 Kg7 34. Nf4
Rd7 35. Be1 b3 36. h5 Ra8 37. hxg6 fxg6 38. Rf2 Ra1 39. Re2 Rc1 40. Bd2 Rc2 41.
Rf2 Rxb2 42. Ne6+ Kg8 43. Nf4 Ra2 44. Nxg6 b2 45. e6 b1=Q 0-1

[Event "?"]
[Site "?"]
[Date "2019.01.05"]
[Round "4.2"]
[White "Saathoff, Richard"]
[Black "Süß, Helmut"]
[Result "1-0"]
[WhiteElo "2135"]
[BlackElo "1871"]
[PlyCount "55"]
[EventDate "2019.??.??"]
[WhiteTeam "SW Nürnberg Süd"]
[BlackTeam "SC Noris-Tarrasch Nürnberg"]

1. e4 c6 2. d4 d5 3. exd5 cxd5 4. c4 Nf6 5. Nc3 e6 6. Nf3 Bb4 7. cxd5 Nxd5 8.
Bd2 O-O 9. Bd3 Nc6 10. O-O Bxc3 11. bxc3 Nf6 12. Bg5 h6 13. Bh4 Qa5 14. Qe2 g5
15. Bg3 Rd8 16. h4 Qxc3 17. Rfc1 Qa3 18. hxg5 hxg5 19. Qd2 Rd5 20. Ne5 Nxe5 21.
Bxe5 Nh7 22. Rc3 Qe7 23. Bxh7+ Kxh7 24. Rh3+ Kg6 25. Qe2 Rxe5 26. dxe5 Bd7 27.
Qe4+ f5 28. exf6+ 1-0

[Event "?"]
[Site "?"]
[Date "2019.01.05"]
[Round "4.4"]
[White "Kocak, Ediz"]
[Black "Danninger, Hugo"]
[Result "1-0"]
[WhiteElo "1817"]
[BlackElo "1803"]
[PlyCount "21"]
[EventDate "2019.??.??"]
[WhiteTeam "SW Nürnberg Süd"]
[BlackTeam "Zabo-Eintracht Nürnberg"]

1. e4 e6 2. Nf3 d5 3. Nc3 Nf6 4. e5 Nfd7 5. d4 c5 6. dxc5 Bxc5 7. Bd3 Nc6 8.
Bf4 Qb6 9. O-O Qxb2 10. Nb5 Kd8 11. Bd2 1-0

[Event "?"]
[Site "?"]
[Date "2019.01.05"]
[Round "4.5"]
[White "Birkner, Mattias"]
[Black "Münzenberg, Dietrich"]
[Result "1/2-1/2"]
[WhiteElo "1890"]
[BlackElo "1687"]
[PlyCount "26"]
[EventDate "2019.??.??"]
[WhiteTeam "SK Neumarkt"]
[BlackTeam "Zabo-Eintracht Nürnberg"]

1. e4 c6 2. d4 d5 3. exd5 cxd5 4. c4 Nc6 5. Nf3 Bg4 6. c5 e5 7. dxe5 Bxc5 8.
Nc3 Nge7 9. Bg5 Qb6 10. Qd2 Bxf3 11. Bxe7 Bxe7 12. gxf3 Nxe5 13. Bb5+ Qxb5
1/2-1/2